[Event "EU-ch Blitz"]
[Site "Skopje"]
[Date "2024.12.09"]
[Round "2"]
[White "Promyshlyanskiy, Vitaliy"]
[Black "Quparadze, Giga"]
[Result "0-1"]
[WhiteElo "2279"]
[BlackElo "2537"]
[PlyCount "90"]
[EventDate "2024.12.09"]
[EventType "swiss (blitz)"]
[EventRounds "13"]
[EventCountry "MKD"]
[SourceTitle "CB50_2024"]
[SourceDate "2024.11.01"]
[SourceVersion "1"]
[SourceVersionDate "2024.11.01"]
[SourceQuality "2"]

1. e4 c5 2. Nc3 e6 3. f4 d5 4. Bb5+ Bd7 5. Qe2 d4 6. Bxd7+ Qxd7 7. Nd1 Nc6 8. d3 f6 9. Nf3 Bd6 10. 0-0 Bc7 11. Nf2 Nge7 12. Bd2 h6 13. a3 g5 14. g3 gxf4 15. gxf4 0-0-0 16. b4 Ng6 17. Nh3 Rdg8 18. Kh1 Qe7 19. Rg1 f5 20. e5 Qd7 21. Rg3 cxb4 22. axb4 Qd5 23. Qg2 Nge7 24. Nh4 Rxg3 25. hxg3 a6 26. Ng1 Qxg2+ 27. Kxg2 Nd5 28. Rb1 b5 29. Ne2 Kb7 30. Nf3 Bb6 31. Rh1 h5 32. Ng5 Ncxb4 33. Bxb4 Nxb4 34. Nxe6 Nxc2 35. Kf3 a5 36. Rc1 Rc8 37. Ng7 a4 38. Nxf5 Ka6 39. e6 b4 40. e7 b3 41. Nexd4 Bxd4 42. Nxd4 Nxd4+ 43. Kf2 Re8 44. Re1 a3 45. Re4 a2 0-1

[Event "Oberliga Bayern 2324"]
[Site "Germany"]
[Date "2024.02.04"]
[Round "5.5"]
[White "Pieper, Thomas"]
[Black "Promyshlyanskiy, Vitaliy"]
[Result "1-0"]
[WhiteElo "2156"]
[BlackElo "2259"]
[PlyCount "63"]
[EventDate "2023.10.22"]
[EventType "team-tourn"]
[EventRounds "9"]
[EventCountry "GER"]
[SourceTitle "EXT 2025"]
[Source "ChessBase"]
[SourceDate "2024.10.14"]
[SourceVersion "1"]
[SourceVersionDate "2024.10.14"]
[SourceQuality "1"]
[WhiteTeam "Groebenzell"]
[BlackTeam "Nuernberg"]
[WhiteTeamCountry "GER"]
[BlackTeamCountry "GER"]

1. e4 e5 2. Nf3 Nc6 3. Bc4 Nf6 4. d4 exd4 5. 0-0 Nxe4 6. Re1 d5 7. Bxd5 Qxd5 8. Nc3 Qh5 9. Nxe4 Be6 10. Bg5 Bd6 11. Nxd6+ cxd6 12. Bf4 Qd5 13. c3 Qf5 14. cxd4 0-0-0 15. Bg3 Bd5 16. Nh4 Qg5 17. Qd3 g6 18. b4 Nxb4 19. Qb5 Na6 20. Rac1+ Kb8 21. f4 Qh5 22. f5 Be6 23. Rb1 Bc8 24. Qxa6 Ka8 25. Qb5 Qg5 26. Rec1 Qe7 27. f6 Qd7 28. Qa5 Qg4 29. d5 Bd7 30. Rxb7 Qd4+ 31. Bf2 Rc8 32. Rxa7+ 1-0

[Event "Oberliga Bayern 2324"]
[Site "Germany"]
[Date "2024.01.14"]
[Round "4.4"]
[White "Fuchs, Georg"]
[Black "Promyshlyanskiy, Vitaliy"]
[Result "1/2-1/2"]
[WhiteElo "2108"]
[BlackElo "2259"]
[PlyCount "62"]
[EventDate "2023.10.22"]
[EventType "team-tourn"]
[EventRounds "9"]
[EventCountry "GER"]
[SourceTitle "EXT 2025"]
[Source "ChessBase"]
[SourceDate "2024.10.14"]
[SourceVersion "1"]
[SourceVersionDate "2024.10.14"]
[SourceQuality "1"]
[WhiteTeam "Weilheim"]
[BlackTeam "Nuernberg"]
[WhiteTeamCountry "GER"]
[BlackTeamCountry "GER"]

1. e4 Nc6 2. d4 e5 3. Nf3 exd4 4. Bc4 Nf6 5. 0-0 Nxe4 6. Re1 d5 7. Bxd5 Qxd5 8. Nc3 Qh5 9. Nxe4 Be6 10. Bg5 Bd6 11. Nxd6+ cxd6 12. Bf4 Qd5 13. c3 0-0-0 14. Nxd4 Nxd4 15. Qxd4 Qxd4 16. cxd4 Kd7 17. a3 Rc8 18. Rac1 Bd5 19. f3 Rc6 20. Rxc6 Bxc6 21. Kf2 Ba4 22. Rc1 Re8 23. g4 Bb5 24. Rc2 Bd3 25. Rd2 Bg6 26. h4 h5 27. Re2 Rc8 28. Bd2 Rc2 29. Bg5 Rxe2+ 30. Kxe2 Ke6 31. Ke3 f6 1/2-1/2

[Event "Oberliga Bayern 2324"]
[Site "Germany"]
[Date "2023.12.03"]
[Round "3.5"]
[White "Kobl, Rudolf"]
[Black "Promyshlyanskiy, Vitaliy"]
[Result "1/2-1/2"]
[WhiteElo "2084"]
[BlackElo "2259"]
[PlyCount "80"]
[EventDate "2023.10.22"]
[EventType "team-tourn"]
[EventRounds "9"]
[EventCountry "GER"]
[SourceTitle "EXT 2025"]
[Source "ChessBase"]
[SourceDate "2024.10.14"]
[SourceVersion "1"]
[SourceVersionDate "2024.10.14"]
[SourceQuality "1"]
[WhiteTeam "Trostberg"]
[BlackTeam "Nuernberg"]
[WhiteTeamCountry "GER"]
[BlackTeamCountry "GER"]

1. e4 e5 2. Nf3 Nc6 3. Bc4 Nf6 4. d4 exd4 5. 0-0 Nxe4 6. Re1 d5 7. Bxd5 Qxd5 8. Nc3 Qh5 9. Nxe4 Be6 10. Bg5 Bd6 11. Nxd6+ cxd6 12. Bf4 Qd5 13. c3 Qf5 14. cxd4 0-0-0 15. Bg3 Bd5 16. Rc1 Bxf3 17. gxf3 Qd5 18. Qa4 Kb8 19. Rc5 Qxd4 20. Qxd4 Nxd4 21. Re7 Rhe8 22. Rxf7 Ne2+ 23. Kg2 Nxg3 24. Rcc7 Ne2 25. Rxb7+ Ka8 26. Rxa7+ Kb8 27. Rfb7+ Kc8 28. Rxg7 Nf4+ 29. Kf1 Kb8 30. Rgb7+ Kc8 31. Rxh7 Kb8 32. Rhb7+ Kc8 33. Rf7 Kb8 34. a4 Nd3 35. Rfb7+ Kc8 36. Rc7+ Kb8 37. Rab7+ Ka8 38. Ra7+ Kb8 39. Rcb7+ Kc8 40. Rc7+ Kb8 1/2-1/2

[Event "Oberliga Bayern 2324"]
[Site "Germany"]
[Date "2023.11.19"]
[Round "2.4"]
[White "Quast, Michael"]
[Black "Promyshlyanskiy, Vitaliy"]
[Result "1/2-1/2"]
[WhiteElo "2211"]
[BlackElo "2259"]
[PlyCount "80"]
[EventDate "2023.10.22"]
[EventType "team-tourn"]
[EventRounds "9"]
[EventCountry "GER"]
[SourceTitle "EXT 2025"]
[Source "ChessBase"]
[SourceDate "2024.10.14"]
[SourceVersion "1"]
[SourceVersionDate "2024.10.14"]
[SourceQuality "1"]
[WhiteTeam "Regensburg Post/Sued"]
[BlackTeam "Nuernberg"]
[WhiteTeamCountry "GER"]
[BlackTeamCountry "GER"]

1. d4 Nf6 2. Bf4 g6 3. e3 Bg7 4. h3 d6 5. Nf3 0-0 6. Be2 Nfd7 7. 0-0 e5 8. Bh2 Nc6 9. c4 f5 10. Nc3 h6 11. Rc1 g5 12. d5 Ne7 13. b4 Nf6 14. c5 Kh8 15. cxd6 cxd6 16. Bc4 Bd7 17. Nd2 Ng6 18. Be2 Qe7 19. Bh5 Be8 20. Be2 Rg8 21. e4 f4 22. Nb5 Bxb5 23. Bxb5 Rac8 24. Qa4 g4 25. hxg4 Nxg4 26. Rxc8 Rxc8 27. Bd7 Nxh2 28. Bxc8 Nxf1 29. Kxf1 Bf8 30. Qc2 Nh4 31. Bh3 Kg7 32. Qc8 Ng6 33. Nf3 Qf7 34. Be6 Qe7 35. Bf5 Nh8 36. g3 fxg3 37. fxg3 Nf7 38. Kg2 b6 39. Nh4 Qg5 40. Qc2 Qe3 1/2-1/2

[Event "BL2-Ost 2223"]
[Site "Germany"]
[Date "2022.11.27"]
[Round "4.5"]
[White "Promyshlyanskiy, Vitaliy"]
[Black "Kilgus, Georg"]
[Result "1/2-1/2"]
[WhiteElo "2261"]
[BlackElo "2392"]
[PlyCount "35"]
[EventDate "2022.10.22"]
[EventType "team-tourn"]
[EventRounds "10"]
[EventCountry "GER"]
[SourceTitle "EXT 2024"]
[Source "ChessBase"]
[SourceDate "2023.10.10"]
[SourceVersion "1"]
[SourceVersionDate "2023.10.10"]
[SourceQuality "1"]
[WhiteTeam "Nuernberg NT"]
[BlackTeam "Regensburg Bavaria"]
[WhiteTeamCountry "GER"]
[BlackTeamCountry "GER"]

1. e4 c5 2. Nc3 Nc6 3. f4 g6 4. Nf3 Bg7 5. Bb5 Nd4 6. 0-0 a6 7. Bd3 d6 8. Nd5 e6 9. Ne3 Ne7 10. c3 Nxf3+ 11. Qxf3 d5 12. exd5 Nxd5 13. Nxd5 Qxd5 14. Be4 Qd7 15. Qf2 Qc7 16. d3 Bd7 17. Be3 Rc8 18. d4 1/2-1/2

[Event "GER-ch Net blitz sf"]
[Site "Playchess.com INT"]
[Date "2021.06.05"]
[Round "6"]
[White "Kolb, Tobias"]
[Black "Promyshlyanskiy, Vitaliy"]
[Result "0-1"]
[WhiteElo "2011"]
[BlackElo "2182"]
[PlyCount "84"]
[EventDate "2021.06.05"]
[EventType "swiss (blitz)"]
[EventRounds "13"]
[EventCountry "GER"]
[SourceTitle "EXT 2023"]
[Source "ChessBase"]
[SourceDate "2022.10.05"]
[SourceVersion "1"]
[SourceVersionDate "2022.10.05"]
[SourceQuality "1"]

1. e4 Nc6 2. d4 e5 3. d5 Nce7 4. Nf3 Ng6 5. Be3 Nf6 6. Bd3 Ng4 7. Bg5 Be7 8. Bxe7 Qxe7 9. h3 Nf6 10. Nbd2 Nf4 11. Bf1 d6 12. g3 Ng6 13. c4 a5 14. Qc2 Nd7 15. 0-0-0 Nc5 16. Kb1 Bd7 17. Bg2 f5 18. exf5 0-0 19. g4 Nf4 20. Bf1 Ba4 21. b3 Bd7 22. Ne4 a4 23. Nxc5 dxc5 24. Bd3 axb3 25. axb3 Nxd3 26. Qxd3 e4 27. Rhe1 Qf6 28. Qxe4 Ra1+ 29. Kc2 Ra2+ 30. Kd3 Qb2 31. Rd2 Qxb3+ 32. Ke2 Re8 33. Ne5 Qc3 34. Rxa2 Rxe5 35. Qxe5 Qxe5+ 36. Kf1 Qd4 37. Kg1 Qxc4 38. Ra8+ Kf7 39. Rd8 Qxd5 40. f6 gxf6 41. Rh8 Bc6 42. f3 Qxf3 0-1

[Event "GER-ch Net blitz sf"]
[Site "Playchess.com INT"]
[Date "2021.06.05"]
[Round "4"]
[White "Promyshlyanskiy, Vitaliy"]
[Black "Grafl, Florian"]
[Result "0-1"]
[WhiteElo "2182"]
[BlackElo "2332"]
[PlyCount "90"]
[EventDate "2021.06.05"]
[EventType "swiss (blitz)"]
[EventRounds "13"]
[EventCountry "GER"]
[SourceTitle "EXT 2023"]
[Source "ChessBase"]
[SourceDate "2022.10.05"]
[SourceVersion "1"]
[SourceVersionDate "2022.10.05"]
[SourceQuality "1"]

1. e4 d5 2. exd5 Qxd5 3. Nc3 Qd6 4. d4 Nf6 5. Nf3 a6 6. g3 Bg4 7. Bg2 Nc6 8. Bf4 Qb4 9. 0-0 0-0-0 10. h3 Bh5 11. g4 Bg6 12. Rb1 Nxd4 13. Nxd4 Rxd4 14. Bd2 c6 15. Qc1 e6 16. Be3 Rd7 17. a3 Qc4 18. Rd1 Bxa3 19. Rxd7 Nxd7 20. bxa3 Qxc3 21. Rb2 Rd8 22. Bd2 Qc4 23. Bf1 Qa4 24. Bg5 f6 25. Be3 Ne5 26. Bg2 Qxa3 27. Kh2 Qd6 28. Bf4 Qd1 29. Qe3 Qd4 30. Qb3 Qxf4+ 31. Kg1 Rd1+ 32. Bf1 b5 33. Qxe6+ Kc7 34. Qe7+ Nd7 35. c4 Qxc4 36. Re2 Rxf1+ 37. Kxf1 Bd3 38. Qxg7 Bxe2+ 39. Kg2 Qe4+ 40. Kg1 Qf4 41. Qxh7 a5 42. Qc2 Bxg4 43. hxg4 Qxg4+ 44. Kf1 Qc4+ 45. Qxc4 bxc4 0-1

[Event "GER-ch Net blitz qual3"]
[Site "Playchess.com INT"]
[Date "2021.05.07"]
[Round "6"]
[White "Promyshlyanskiy, Vitaliy"]
[Black "Cmiel, Thorsten"]
[Result "1-0"]
[WhiteElo "2186"]
[BlackElo "2000"]
[PlyCount "45"]
[EventDate "2021.05.07"]
[EventType "swiss (blitz)"]
[EventRounds "11"]
[EventCountry "GER"]
[SourceTitle "CBM 202 Extra"]
[Source "ChessBase"]
[SourceDate "2021.07.31"]
[SourceVersion "1"]
[SourceVersionDate "2021.07.31"]
[SourceQuality "1"]

1. e4 c5 2. Nc3 d6 3. f4 Nc6 4. Nf3 e6 5. Bb5 Nge7 6. 0-0 a6 7. Bxc6+ Nxc6 8. d3 Be7 9. Qe1 Bd7 10. Be3 Qc7 11. Qg3 Rg8 12. a3 h6 13. f5 0-0-0 14. b4 cxb4 15. axb4 Nxb4 16. Na4 Bxa4 17. Rxa4 Nc6 18. Rb1 Rde8 19. Qf2 exf5 20. Bb6 Qd7 21. Nd4 fxe4 22. Nxc6 Qxc6 23. Rc4 1-0

[Event "GER-ch Net blitz qual3"]
[Site "Playchess.com INT"]
[Date "2021.05.07"]
[Round "11"]
[White "Schulz, Karsten"]
[Black "Promyshlyanskiy, Vitaliy"]
[Result "1-0"]
[WhiteElo "2211"]
[BlackElo "2186"]
[PlyCount "79"]
[EventDate "2021.05.07"]
[EventType "swiss (blitz)"]
[EventRounds "11"]
[EventCountry "GER"]
[SourceTitle "CBM 202 Extra"]
[Source "ChessBase"]
[SourceDate "2021.07.31"]
[SourceVersion "1"]
[SourceVersionDate "2021.07.31"]
[SourceQuality "1"]

1. Nf3 Nc6 2. d4 d6 3. g3 g6 4. Bg2 Bg7 5. 0-0 e5 6. dxe5 dxe5 7. Qxd8+ Nxd8 8. Nc3 Ne7 9. Nb5 Ne6 10. Ng5 0-0 11. Nxe6 fxe6 12. Nxc7 Rb8 13. Nb5 Bd7 14. Nxa7 Nd5 15. Rd1 Ra8 16. c4 Rxa7 17. cxd5 Rfa8 18. a3 Ba4 19. Re1 exd5 20. Bxd5+ Kh8 21. Be3 Ra5 22. Be4 Rb5 23. b4 Bb3 24. Rec1 Bd5 25. a4 Bxe4 26. axb5 Rd8 27. f3 Bd5 28. Rd1 Bf6 29. Bb6 Rd7 30. e4 Be6 31. Rxd7 Bxd7 32. Ra8+ Kg7 33. Bd8 Bxb5 34. Bxf6+ Kxf6 35. Kf2 h5 36. Ke3 Bc4 37. Rc8 b5 38. Rxc4 bxc4 39. Kd2 Kg5 40. Kc3 1-0

[Event "GER-ch Net blitz qual3"]
[Site "Playchess.com INT"]
[Date "2021.05.07"]
[Round "2"]
[White "Serreck, Uwe"]
[Black "Promyshlyanskiy, Vitaliy"]
[Result "0-1"]
[WhiteElo "1839"]
[BlackElo "2186"]
[PlyCount "40"]
[EventDate "2021.05.07"]
[EventType "swiss (blitz)"]
[EventRounds "11"]
[EventCountry "GER"]
[SourceTitle "CBM 202 Extra"]
[Source "ChessBase"]
[SourceDate "2021.07.31"]
[SourceVersion "1"]
[SourceVersionDate "2021.07.31"]
[SourceQuality "1"]

1. e4 Nc6 2. Nf3 d6 3. d4 Nf6 4. Nc3 g6 5. Be3 Bg7 6. Qd2 0-0 7. Bh6 e5 8. d5 Ne7 9. h4 Bg4 10. 0-0-0 a6 11. Be2 b5 12. Bxg7 Kxg7 13. Ng5 Bxe2 14. Nxe2 h6 15. Nh3 Nxe4 16. Qe3 f5 17. Rdg1 Nxd5 18. Qd3 Ndf6 19. f4 Nc5 20. Qc3 b4 0-1

[Event "GER-ch Net blitz qual2"]
[Site "Playchess.com INT"]
[Date "2021.05.04"]
[Round "7"]
[White "Promyshlyanskiy, Vitaliy"]
[Black "Brunke, Christian"]
[Result "1-0"]
[WhiteElo "2122"]
[BlackElo "2386"]
[PlyCount "121"]
[EventDate "2021.05.04"]
[EventType "swiss (blitz)"]
[EventRounds "11"]
[EventCountry "GER"]
[SourceTitle "CBM 202 Extra"]
[Source "ChessBase"]
[SourceDate "2021.07.31"]
[SourceVersion "1"]
[SourceVersionDate "2021.07.31"]
[SourceQuality "1"]

1. e4 g6 2. d4 Bg7 3. Nf3 c5 4. dxc5 Qa5+ 5. Bd2 Qxc5 6. Nc3 Nc6 7. Be2 Nf6 8. 0-0 0-0 9. Be3 Qb4 10. a3 Qa5 11. Qd2 d6 12. Bh6 Be6 13. Bxg7 Kxg7 14. Ng5 Rac8 15. b4 Qc7 16. Nb5 Qb6 17. c3 a6 18. Nd4 Nxd4 19. cxd4 Bc4 20. Bxc4 Rxc4 21. e5 dxe5 22. dxe5 Ne4 23. Qe2 Nxg5 24. Qxc4 h5 25. Rac1 h4 26. Qxh4 f6 27. exf6+ Qxf6 28. Qc4 Rh8 29. Qc3 e5 30. Rfe1 Nf7 31. Rcd1 Qf4 32. Qg3 Qf5 33. Rc1 Rh5 34. h4 g5 35. Rc7 Kf6 36. Qb3 Kg6 37. Rxb7 Rxh4 38. Qxf7+ Qxf7 39. Rxf7 Kxf7 40. Rxe5 Kf6 41. Ra5 Rc4 42. Rxa6+ Kf5 43. g3 Kg4 44. Kg2 Rc2 45. b5 Rb2 46. Ra4+ Kf5 47. Rb4 Ra2 48. b6 g4 49. b7 Re2 50. b8Q Ke6 51. Qe8+ Kd5 52. Qxe2 Kc5 53. Qc4+ Kd6 54. Qd4+ Ke7 55. Rb5 Ke6 56. Re5+ Kf7 57. Qf4+ Kg7 58. Rg5+ Kh6 59. Qf6+ Kh7 60. Qg6+ Kh8 61. Qh6# 1-0

[Event "GER-ch Net blitz qual2"]
[Site "Playchess.com INT"]
[Date "2021.05.04"]
[Round "11"]
[White "Ritscher, Jan Paul"]
[Black "Promyshlyanskiy, Vitaliy"]
[Result "0-1"]
[WhiteElo "1620"]
[BlackElo "2122"]
[PlyCount "136"]
[EventDate "2021.05.04"]
[EventType "swiss (blitz)"]
[EventRounds "11"]
[EventCountry "GER"]
[SourceTitle "CBM 202 Extra"]
[Source "ChessBase"]
[SourceDate "2021.07.31"]
[SourceVersion "1"]
[SourceVersionDate "2021.07.31"]
[SourceQuality "1"]

1. d4 Nc6 2. e4 e5 3. Nf3 exd4 4. c3 d5 5. exd5 Qxd5 6. cxd4 Bb4+ 7. Nc3 Bg4 8. a3 Bxf3 9. gxf3 Bxc3+ 10. bxc3 Nge7 11. Be3 Ng6 12. Rb1 Rb8 13. Rb5 Qd6 14. Qb3 0-0 15. h4 Nf4 16. Rf5 Ne6 17. Bd3 Ne7 18. Rh5 g6 19. Re5 h5 20. Rg1 Kh8 21. Bg5 Ng8 22. Be3 c5 23. Qd5 Qxd5 24. Rxd5 cxd4 25. cxd4 Rfd8 26. Rxd8 Rxd8 27. Bc4 Ne7 28. Bxe6 fxe6 29. Ke2 Kg7 30. Rb1 Rd7 31. Rc1 Kf7 32. Kd3 Nf5 33. Rc8 Nxh4 34. Ra8 a6 35. Ke4 Nf5 36. Ke5 Rd5+ 37. Ke4 Nd6+ 38. Kd3 h4 39. Bf4 Nf5 40. Be5 Nxd4 41. Bxd4 e5 42. Ke4 Rxd4+ 43. Kxe5 Ra4 44. Rb8 Ra5+ 45. Kf4 Rb5 46. Kg4 g5 47. f4 gxf4 48. Kxh4 Rb3 49. Kg4 f3 50. a4 Ke6 51. a5 Kd6 52. Rc8 Ra3 53. Kf4 Kd7 54. Rc4 Rxa5 55. Kxf3 Rf5+ 56. Ke3 b5 57. Rc1 b4 58. f4 b3 59. Rb1 Rb5 60. Kd4 a5 61. Kc4 Rb4+ 62. Kc3 Rxf4 63. Rd1+ Kc6 64. Kxb3 Kb5 65. Rd5+ Kb6 66. Rg5 Rf3+ 67. Kb2 a4 68. Rf5 Rxf5 0-1

[Event "GER Cup Net Final-A U2400"]
[Site "Playchess.com INT"]
[Date "2020.06.06"]
[Round "6"]
[White "Promyshlyanskiy, Vitaliy"]
[Black "Lantzsch, Christian"]
[Result "1-0"]
[WhiteElo "2139"]
[BlackElo "2055"]
[PlyCount "63"]
[EventDate "2020.06.06"]
[EventType "swiss (blitz)"]
[EventRounds "13"]
[EventCountry "GER"]
[SourceTitle "CBM 197 Extra"]
[Source "ChessBase"]
[SourceDate "2020.09.30"]
[SourceVersion "1"]
[SourceVersionDate "2020.09.30"]
[SourceQuality "1"]

1. e4 c5 2. Nc3 Nc6 3. Bb5 e6 4. Bxc6 bxc6 5. d3 Ne7 6. f4 g6 7. Nf3 Bg7 8. 0-0 0-0 9. Qe1 f5 10. e5 Nd5 11. Qf2 Nxc3 12. bxc3 Qa5 13. c4 d5 14. Bd2 Qa3 15. cxd5 cxd5 16. Rfb1 d4 17. Rb3 Qa6 18. Bc1 Bb7 19. Ba3 Rfc8 20. Bc1 Bd5 21. Rb2 Bf8 22. Rab1 Qc6 23. Nd2 Be7 24. h3 Bd8 25. Kh2 Ba5 26. Rb5 Bc3 27. Ba3 Bxa2 28. Rxc5 Qa4 29. Rxc8+ Rxc8 30. Rb7 Qxa3 31. Qh4 h6 32. Qxh6 1-0

[Event "GER Cup Net V4 U2400"]
[Site "Playchess.com INT"]
[Date "2020.05.31"]
[Round "8"]
[White "Thiede, Lars"]
[Black "Promyshlyanskiy, Vitaliy"]
[Result "0-1"]
[WhiteElo "1620"]
[BlackElo "2132"]
[PlyCount "102"]
[EventDate "2020.05.31"]
[EventType "swiss (blitz)"]
[EventRounds "9"]
[EventCountry "GER"]
[SourceTitle "EXT 2021"]
[Source "ChessBase"]
[SourceDate "2020.10.23"]
[SourceVersion "1"]
[SourceVersionDate "2020.10.23"]
[SourceQuality "1"]

1. c4 Nc6 2. g3 e5 3. Bg2 f5 4. a3 Nf6 5. Nc3 a5 6. d3 Bc5 7. Nf3 d6 8. 0-0 0-0 9. e3 Ba7 10. d4 Qe8 11. Nd5 Qf7 12. dxe5 dxe5 13. Ng5 Qg6 14. Nxc7 Qxg5 15. Nxa8 Ne8 16. b4 e4 17. b5 Ne7 18. b6 Bb8 19. Bb2 Be6 20. h4 Qg6 21. Qd8 Nc6 22. Qg5 Qf7 23. c5 h6 24. Qf4 Bxf4 25. exf4 Nf6 26. Nc7 Nd5 27. Nxd5 Bxd5 28. Rfd1 Bc4 29. Rd6 Bd3 30. Rd1 Rd8 31. Be5 Rxd6 32. Bxd6 Qb3 33. Re1 Qxa3 34. Bh3 g6 35. h5 Kf7 36. hxg6+ Kxg6 37. g4 fxg4 38. Bxg4 h5 39. Bc8 Qc3 40. Re3 Qc1+ 41. Kg2 Qf1+ 42. Kg3 Nd4 43. f5+ Kf6 44. Bc7 h4+ 45. Kxh4 Qxf2+ 46. Rg3 Nxf5+ 47. Bxf5 Kxf5 48. c6 Qh2+ 49. Rh3 Qf2+ 50. Bg3 Qd2 51. Rh2 Qh6# 0-1

[Event "GER Cup Net V4 U2400"]
[Site "Playchess.com INT"]
[Date "2020.05.31"]
[Round "1"]
[White "Traetmar, Mattis"]
[Black "Promyshlyanskiy, Vitaliy"]
[Result "1-0"]
[WhiteElo "1865"]
[BlackElo "2117"]
[PlyCount "75"]
[EventDate "2020.05.31"]
[EventType "swiss (blitz)"]
[EventRounds "9"]
[EventCountry "GER"]
[SourceTitle "EXT 2021"]
[Source "ChessBase"]
[SourceDate "2020.10.23"]
[SourceVersion "1"]
[SourceVersionDate "2020.10.23"]
[SourceQuality "1"]

1. e4 Nc6 2. Nf3 d6 3. d4 Nf6 4. Nc3 g6 5. Be3 Bg7 6. Be2 0-0 7. h3 e5 8. Qd2 exd4 9. Nxd4 Re8 10. f3 d5 11. Nxc6 bxc6 12. 0-0 Bb7 13. Rad1 Qe7 14. Bg5 Qc5+ 15. Be3 Qa5 16. b4 Qa3 17. Rb1 Nh5 18. Rb3 Bxc3 19. Qxc3 Qa4 20. Ra3 Ng3 21. Bd3 Qxa3 22. Qxa3 dxe4 23. fxe4 c5 24. Rf2 c4 25. Bxc4 Re7 26. Bc5 Rd7 27. Qb3 Nxe4 28. Bxf7+ Kg7 29. Qb2+ Kh6 30. Qc1+ Kg7 31. Be6 Nxf2 32. Bxd7 Ne4 33. Qb2+ Kh6 34. Qe5 Rd8 35. Be3+ g5 36. Qe6+ Kh5 37. Be8+ Kh4 38. Qg4# 1-0

[Event "GER Cup Net V3 U2400"]
[Site "Playchess.com INT"]
[Date "2020.05.27"]
[Round "8"]
[White "Graf, Lucas"]
[Black "Promyshlyanskiy, Vitaliy"]
[Result "0-1"]
[WhiteElo "2017"]
[BlackElo "2106"]
[PlyCount "106"]
[EventDate "2020.05.27"]
[EventType "swiss (blitz)"]
[EventRounds "9"]
[EventCountry "GER"]
[SourceTitle "EXT 2021"]
[Source "ChessBase"]
[SourceDate "2020.10.23"]
[SourceVersion "1"]
[SourceVersionDate "2020.10.23"]
[SourceQuality "1"]

1. e4 Nc6 2. Nf3 d6 3. Be2 Nf6 4. Nc3 g6 5. 0-0 Bg7 6. h3 0-0 7. d4 e5 8. Be3 Re8 9. dxe5 Nxe5 10. Re1 Be6 11. Nxe5 dxe5 12. Bf3 c6 13. Qxd8 Rexd8 14. Red1 b6 15. a4 Bf8 16. a5 b5 17. a6 Nd7 18. Bg4 Bxg4 19. hxg4 Nc5 20. f3 f6 21. Kf2 g5 22. Rxd8 Rxd8 23. b4 Ne6 24. Bxa7 Bxb4 25. Ne2 Ra8 26. Be3 Kf7 27. c3 Bc5 28. Bxc5 Nxc5 29. a7 Na4 30. c4 Rxa7 31. cxb5 cxb5 32. Rb1 Rb7 33. Rb4 Ke6 34. Ke3 Kd6 35. Nc1 Kc5 36. Nd3+ Kc6 37. Rb3 Kd6 38. Nb4 Nc5 39. Rb1 Ra7 40. Nd5 Ra3+ 41. Ke2 Nb3 42. Nxf6 b4 43. Nd5 Nd4+ 44. Kf2 b3 45. Kg3 Ra2 46. Ne3 Kc5 47. Nf5 Ne2+ 48. Kh3 Nf4+ 49. Kh2 Rxg2+ 50. Kh1 b2 51. Ne3 Rd2 52. Nf1 Rc2 53. Ne3 Rc1+ 0-1

[Event "GER Cup Net V2 U2400"]
[Site "Playchess.com INT"]
[Date "2020.05.22"]
[Round "3"]
[White "Gremmel, Jonas Simon"]
[Black "Promyshlyanskiy, Vitaliy"]
[Result "1/2-1/2"]
[WhiteElo "1938"]
[BlackElo "2096"]
[PlyCount "135"]
[EventDate "2020.05.22"]
[EventType "swiss (blitz)"]
[EventRounds "9"]
[EventCountry "GER"]
[SourceTitle "EXT 2021"]
[Source "ChessBase"]
[SourceDate "2020.10.23"]
[SourceVersion "1"]
[SourceVersionDate "2020.10.23"]
[SourceQuality "1"]

1. d4 Nc6 2. Nf3 d6 3. e3 g6 4. b3 Bg7 5. Bb2 Nf6 6. Nbd2 Nd7 7. Bb5 0-0 8. 0-0 e5 9. Bxc6 bxc6 10. dxe5 dxe5 11. Nc4 Re8 12. Nfxe5 Nxe5 13. Qxd8 Rxd8 14. Bxe5 Ba6 15. Bxg7 Kxg7 16. Rfd1 Bxc4 17. bxc4 Rab8 18. Rxd8 Rxd8 19. Rb1 Rd2 20. Rc1 Kf6 21. Kf1 Ke5 22. Ke1 Rd8 23. Rb1 Ra8 24. Ke2 a5 25. a4 Kd6 26. Kd3 Kc5 27. Kc3 Rd8 28. Rb7 Rd7 29. h4 f5 30. Rb1 Rd8 31. Re1 Rb8 32. e4 Rb4 33. exf5 Rxc4+ 34. Kb3 Rb4+ 35. Ka3 Rxh4 36. fxg6 hxg6 37. Re5+ Kb6 38. Rg5 Rc4 39. Rxg6 Rxc2 40. f4 Kc5 41. f5 Kd5 42. g4 Ke5 43. Rg8 Rf2 44. Re8+ Kf4 45. Re6 Rf3+ 46. Kb2 Rf2+ 47. Kc3 Rf3+ 48. Kc4 Kxg4 49. Rxc6 Rxf5 50. Rxc7 Kf3 51. Rc5 Rf4+ 52. Kb5 Ke3 53. Kxa5 Kd4 54. Rc1 Rf2 55. Ka6 Rb2 56. a5 Kd5 57. Ka7 Kd6 58. a6 Kd7 59. Rh1 Kc7 60. Rh7+ Kc8 61. Rb7 Ra2 62. Rb3 Rc2 63. Rg3 Rb2 64. Rg8+ Kc7 65. Rg7+ Kc8 66. Rg8+ Kc7 67. Rg7+ Kc8 68. Rg8+ 1/2-1/2